Cuaderno para el preaprendizaje de la escritura y lectura en la educación especial

Shranjeno v:
Bibliografske podrobnosti
Glavni avtor: Pérez Marina, José (Author)
Format: Knjiga
Jezik:španščina
Izdano: Madrid CEPE 1978
Serija:Método Esperanza, 1
Teme:
Oznake: Označite
Brez oznak, prvi označite!

MARC

LEADER 00000nam a2200000 a 4500
001 UCY8939
003 CL-VaPUC
008 950707e19780000SP |||||||||||||||||spa|d
082 0 4 |a 371.9  |b PER  |2 21 
100 0 |a Pérez Marina, José  |e author  |9 340786 
245 1 0 |a Cuaderno para el preaprendizaje de la escritura y lectura en la educación especial 
300 |a 96 p 
942 |c BK 
945 |d 19950707 00:00:00  |a cmena 
260 |a Madrid  |b CEPE  |c 1978 
650 0 |a Apresto lectoescritura  |9 309297 
650 0 |a Educación especial  |9 307486 
650 0 |a Métodos de enseñanza  |9 270413 
650 0 |a Alumnos atípicos  |9 340239 
650 7 |a ENSEÑANZA CORRECTIVA  |2 CL-VaPUC  |9 310280 
583 |a last modification  |c 20170907 12:54:43  |k Rodrigo Vera 
490 0 |a Método Esperanza, 1 
999 |c 236117  |d 236115 
952 |0 0  |1 0  |4 0  |6 371_900000000000000_PER_1978  |7 0  |8 A  |9 243976  |a BIBEDU  |b BIBEDU  |d 2019-11-18  |i 1529056  |l 1  |o 371.9 PER 1978  |p 1529056  |r 2024-06-11  |s 2024-06-04  |w 2019-11-18  |y BK  |k EDU